LEADER 01018nam0-2200373---450 001 990005731800203316 005 20190403125012.0 035 $a000573180 035 $aUSA01000573180 035 $a(ALEPH)000573180USA01 035 $a000573180 100 $a20071206d1975----|||y0itaa50------ba 101 $aita 102 $ait 200 1 $aErasmo$fJ. Huizinga 210 $aTorino$cGiulio Einaudi Editore$d[1975] 215 $a300 p.$d20 cm. 225 2 $aReprints Einaudi$v47 410 0$12001$aReprints Einaudi$v47 606 $aErasmo : da Rotterdam$xBiografie$2F 620 $dTORINO 676 $a199.492 700 1$aHUIZINGA,$bJohan$0292479 801 0$aIT$bSA$c20111219 912 $a990005731800203316 950 0$aDipar.to di Filosofia - Salerno$dDFCC 199.492 HUI$e429 FIL 951 $aCC 199.492 HUI$b429 FIL 959 $aBK 969 $aFIL 979 $c20121027$lUSA01$h1526 979 $c20121027$lUSA01$h1615 996 $aErasmus$938514 997 $aUNISA NUM $aSA0022848